000 00656nam a2200241Ia 4500
005 20260430150418.0
008 008 250103s9999 xx 000 0 eng d
037 _aTheses
040 _aCRL
040 _beng
040 _ceng
041 _2eng
041 _aeng
084 _qCRL
100 _aSingh Shipra Au.; Pankaj Kumar Gu.
_91237420
245 0 _aImpact of Climate Change on Water Resource Sustainability in Lower Son River Basin
260 _c2023
300 _a178p.
650 _aGeography
700 _aUniversity of Delhi. Faculty of Social Sciences. Deptt. of Geography
_91237405
942 _cTH
999 _c1849718
_d1849718